| 000 | 00657nam a2200205 i 4500 | ||
|---|---|---|---|
| 001 | 26645 | ||
| 003 | ES-MaACL | ||
| 005 | 20230906153458.0 | ||
| 007 | t| | ||
| 008 | 030110s1961 sp a |||| | spa d | ||
| 080 | _a616.5-001.17-08 | ||
| 100 | 1 |
_aArtz, Curtis P. _923504 |
|
| 245 | 1 | 3 |
_aEl tratamiento de las quemaduras / _cpor Curtis P. Artz y Eric Reiss ; [versión... del inglés por el Dr. J. Morales Belda]. |
| 260 |
_aMadrid : _bAlhambra, _c[1961] |
||
| 300 |
_a263 p. : _bil. ; _c24 cm. |
||
| 650 | 4 |
_aQuemaduras- _xTratamiento. _9152556 |
|
| 700 | 1 |
_aReiss, Eric L. _9161473 |
|
| 700 | 1 |
_aMorales Belda, J. _9161471 |
|
| 852 |
_aES-MaACL _jC-20899 |
||
| 999 |
_c26645 _d26645 |
||